El oficio público en Castilla durante la Baja Edad Media / (Record no. 5613)

MARC details
000 -LEADER
campo de control de longitud fija 00966nam a2200265 i 4500
001 - NÚMERO DE CONTROL
campo de control 5613
003 - IDENTIFICADOR DE NÚMERO DE CONTROL
campo de control ES-MaACL
005 - FECHA Y HORA DE LA ÚLTIMA TRANSACCIÓN
campo de control 20260130135255.0
008 - DATOS DE LONGITUD FIJA--INFORMACIÓN GENERAL
campo de control de longitud fija 880109s1987 sp |||| | spa d
020 ## - NÚMERO INTERNACIONAL ESTÁNDAR DEL LIBRO
Número Internacional Estándar del Libro 84-7351-216-2
080 ## - NÚMERO DE LA CLASIFICACIÓN DECIMAL UNIVERSAL
Número de la Clasificación Decimal Universal 35(46)"12/14"
100 1# - ENTRADA PRINCIPAL--NOMBRE DE PERSONA
Nombre de persona García Marín, José María.
9 (RLIN) 54887
245 13 - MENCIÓN DEL TÍTULO
Título El oficio público en Castilla durante la Baja Edad Media /
Mención de responsabilidad, etc. José María García Marín.
250 ## - MENCION DE EDICION
Mención de edición 2ª ed.
260 ## - PUBLICACIÓN, DISTRIBUCIÓN, ETC.
Lugar de publicación, distribución, etc. Alcalá de Henares :
Nombre del editor, distribuidor, etc. Instituto Nacional de Administración Pública,
Fecha de publicación, distribución, etc. 1987.
300 ## - DESCRIPCIÓN FÍSICA
Extensión 399 p. ;
Dimensiones 24 cm.
490 1# - MENCIÓN DE SERIE
Mención de serie Histora de la Administracion ;
Designación de volumen o secuencia 21
500 ## - NOTA GENERAL
Nota general Bibliografía. Índice.
650 #4 - PUNTO DE ACCESO ADICIONAL DE MATERIA--TÉRMINO DE MATERIA
Término de materia o nombre geográfico como elemento de entrada Funcionarios-
Subdivisión geográfica Castilla (Reino)
9 (RLIN) 141901
650 #4 - PUNTO DE ACCESO ADICIONAL DE MATERIA--TÉRMINO DE MATERIA
Término de materia o nombre geográfico como elemento de entrada Burocracia-
Subdivisión geográfica España-
Subdivisión de forma Historia.
9 (RLIN) 141900
710 2# - ENTRADA AGREGADA--NOMBRE DE ENTIDAD CORPORATIVA
Nombre de entidad corporativa o nombre de jurisdicción como elemento de entrada Instituto Nacional de Administración Pública (España)
9 (RLIN) 5139
830 00 - PUNTO DE ACCESO ADICIONAL DE SERIE-TÍTULO UNIFORME
Título uniforme Historia de la Administración
Designación de volumen o secuencia 21
9 (RLIN) 231021
852 ## - LOCALIZACIÓN
Ubicación ES-MaACL
Número de control de estantería L-12412
Holdings
Estatus retirado Estado de pérdida Estado de daño No para préstamo Biblioteca de origen Biblioteca actual Ubicación en estantería Fecha de adquisición Fuente de adquisición Total de préstamos Signatura topográfica completa Código de barras Visto por última vez Precio de reemplazo Tipo de ítem Koha
        Biblioteca del Ateneo de Madrid Biblioteca del Ateneo de Madrid Depósito 2 17/01/2008     L-12412 1005690 23/02/2023 23/02/2023 Libro impreso